Ferrare - Choix Multiples - Statistiques

Statistiques générales
  • Ce quiz a été pris 17 fois
  • Le résultat moyen est 6 sur 10
Statistiques - réponses
Question Réponse % Correct
Sur le delta de quel fleuve se trouve Ferrare ?
94%
Lequel de ces châteaux est le symbole de Ferrare ?
88%
Dans quelle région italienne se trouve la ville ? Émilie-Romagne
75%
Quelle grande famille européenne contrôlait la ville durant la Renaissance ? Este
75%
Qu'est-ce qu'un palio, un événement pratiqué depuis 1279 à Ferrare ? Une course de cheval
75%
Quelle femme à laquelle on associe la réputation de femme fatale était mariée à Alphonse Ier de Ferrare ? Lucrèce Borgia
69%
Quel légume est utilisé dans la conception des cappellacci di zucca, spécialité de Ferrare ? Courge
56%
En quoi son enceinte médiévale a-t-elle été aujourd'hui reconvertie ? Un sentier cyclable
38%
À quelles pierres précieuses est associé le palais qui accueille la pinacothèque nationale ? Diamants
31%
Quelle particularité caractérisait les débuts du fascisme pratiqué à Ferrare ? Plusieurs de ses figures majeures étaient juives
31%
Aucun quiz correspondant
Distribution des résultats
% des personnes avec chaque résultat
Percentile par nombre de réponses
Votre historique - résultats
Vous n’avez pas pris ce quiz